Sports Quiz

Random Sports or Football Quiz

NFL 60+ Passing TDs, '00s & '10s Quiz Stats

 Plays Quiz Updated Jan 10, 2020

     
Support Sporcle.
Go Orange.
Score 0/68 Timer 10:00
24 Plays Today
TDs Quarterback % Correct
487Peyton Manning
99.4%
366Eli Manning
99.3%
541Tom Brady
99.2%
547Drew Brees
98%
364Aaron Rodgers
96.6%
397Philip Rivers
96.3%
248Tony Romo
96.1%
273Brett Favre
96%
294Carson Palmer
94%
321Matt Ryan
93.5%
363Ben Roethlisberger
92.9%
227Russell Wilson
91.2%
218Joe Flacco
91%
256Matthew Stafford
90.6%
227Jay Cutler
89.6%
226Donovan McNabb
88.9%
182Cam Newton
88.9%
167Kurt Warner
88.4%
171Andrew Luck
88.3%
193Alex Smith
87.4%
204Andy Dalton
86%
143Derek Carr
85.4%
76Patrick Mahomes
83.3%
211Matt Hasselbeck
82.3%
133Michael Vick
81.6%
97Carson Wentz
78.9%
97Dak Prescott
78.8%
87Jared Goff
78.8%
71Deshaun Watson
76.7%
145Ryan Tannehill
75.2%
65David Carr
74.2%
155Kirk Cousins
74.2%
121Jameis Winston
73.8%
136Matt Schaub
73.4%
TDs Quarterback % Correct
76Marcus Mariota
72.3%
124Steve McNair
69.7%
103Blake Bortles
69.4%
149Daunte Culpepper
66.6%
210Ryan Fitzpatrick
65.5%
104Drew Bledsoe
65.3%
150Jeff Garcia
63.8%
102Chad Pennington
62.9%
103Sam Bradford
62.3%
71Nick Foles
62.1%
86Mark Sanchez
61.6%
104Matt Cassel
61.4%
122Marc Bulger
60.7%
72Colin Kaepernick
59.9%
149Kerry Collins
59.8%
90Rich Gannon
57%
120Jake Plummer
56.7%
139Trent Green
55.1%
123Jake Delhomme
54.2%
98Brad Johnson
53.8%
138Jon Kitna
53.3%
89David Garrard
52.3%
98Mark Brunell
51.9%
101Kyle Orton
49.6%
81Josh Freeman
49.3%
123Aaron Brooks
49%
69Vinny Testaverde
47.9%
98Josh McCown
44%
87Jason Campbell
41.8%
75Case Keenum
41.4%
60Derek Anderson
37%
79Joey Harrington
34.6%
105Brian Griese
30.7%
67Jay Fiedler
23.1%

From the Vault

Criteria Quickie: Animals

by biggs364

Science 2m
On the internet, cat memes will still work their way into science content, too.
Remove Ads.
Support Sporcle.
Get the best of Sporcle when you Go Orange. This ad-free experience offers more features, more stats, and more fun while also helping to support Sporcle. Thank you for becoming a member.

Show Comments

Extras

Top Quizzes Today


Score Distribution

Your Account Isn't Verified!

In order to create a playlist on Sporcle, you need to verify the email address you used during registration. Go to your Sporcle Settings to finish the process.

Report this User

Report this user for behavior that violates our Community Guidelines.

Details: